AH International Schools' Libraries

Easy piano classics / (Record no. 49869)

MARC details
000 -LEADER
fixed length control field 00367nam a2200133 4500
020 ## - INTERNATIONAL STANDARD BOOK NUMBER
International Standard Book Number 0746006438
100 ## - MAIN ENTRY--PERSONAL NAME
Personal name Hawthorn, Philip.
9 (RLIN) 81190
245 ## - TITLE STATEMENT
Title Easy piano classics /
Statement of responsibility, etc Phillip Hawthorn.
260 ## - PUBLICATION, DISTRIBUTION, ETC. (IMPRINT)
Place of publication, distribution, etc London:
Name of publisher, distributor, etc Usborne;
Date of publication, distribution, etc 1994.
300 ## - PHYSICAL DESCRIPTION
Extent 64 p.
Other physical details col. ill.
Dimensions 28 cm.
490 ## - SERIES STATEMENT
Series statement Learn to play;
650 ## - SUBJECT ADDED ENTRY--TOPICAL TERM
Topical term or geographic name as entry element Music. Piano. Lessons.
9 (RLIN) 86994
942 ## - ADDED ENTRY ELEMENTS (KOHA)
Source of classification or shelving scheme
Koha item type Book
Holdings
Withdrawn status Lost status Source of classification or shelving scheme Damaged status Not for loan Collection code Home library Current library Shelving location Date acquired Total Checkouts Full call number Barcode Date last seen Price effective from Koha item type
          Non-Fiction Asian Hope Secondary Library Asian Hope Secondary Library SECONDARY 12/05/2025   786.2 HAW 208603 12/05/2025 12/05/2025 Book

For any Logos Library related questions please contact Miss Art at swongnarasuk@asianhope.org.

For any Asian Hope Library related questions please contact Miss Raza at graza@asianhope.org.

Powered by Koha